Largest Moons - Statistics

General Stats
  • This quiz has been taken 39 times
  • The average score is 15 of 30
Answer Stats
Planet Moon % Correct
Saturn Titan
95%
Jupiter Europa
86%
Jupiter IO
86%
Earth Moon
86%
Jupiter Ganymede
81%
Jupiter Callisto
76%
Pluto (dwarf) Charon
62%
Neptune Triton
62%
Uranus Oberon
52%
Saturn Rhea
52%
Uranus Titania
52%
Uranus Umbriel
52%
Uranus Ariel
48%
Saturn Enceladus
48%
Saturn Mimas
48%
Uranus Miranda
48%
Saturn Dione
43%
Neptune Nereid
43%
Neptune Proteus
43%
Saturn Iapetus
38%
Saturn Tethys
38%
Eris (dwarf) Dysnomia
33%
Haumea (dwarf) Hi'iaka
33%
Saturn Hyperion
33%
Haumea (dwarf) Namaka
33%
Jupiter Amalthea
29%
Neptune Larissa
24%
Saturn Phoebe
24%
Uranus Puck
24%
Saturn Janus
19%
No matching quizzes found
Score Distribution
Percent of People with Each Score
Percentile by Number Answered
Your Score History
You have not taken this quiz